[Event "POL-ch disabled"]
[Site "Chotowa"]
[Date "2007.05.29"]
[Round "6.18"]
[White "Marszalek, Jakub"]
[Black "Januszewski, Kazimierz"]
[Result "0-1"]
[WhiteElo "1791"]
[BlackElo "945"]
[PlyCount "82"]
[EventDate "2007.05.26"]
[EventType "swiss"]
[EventRounds "9"]
[EventCountry "POL"]
[SourceTitle "EXT 2023"]
[Source "ChessBase"]
[SourceDate "2022.10.05"]
[SourceVersion "1"]
[SourceVersionDate "2022.10.05"]
[SourceQuality "1"]

1. Nc3 e5 2. Nf3 d6 3. h3 h6 4. e4 c6 5. Bc4 Nd7 6. d3 Be7 7. Be3 Bf6 8. Ne2 Ne7 9. c3 0-0 10. Ng3 Ng6 11. Nf5 Nb6 12. Bb3 Kh7 13. g4 d5 14. Qc1 Be6 15. Bxh6 dxe4 16. Bxg7 Bxg7 17. Ng5+ Kg8 18. Bxe6 Qf6 19. Bb3 Nf4 20. Nxe4 Qxf5 21. gxf5 Nxd3+ 22. Kf1 Nxc1 23. Rxc1 Rad8 24. Rg1 Kh8 25. Rg4 Bh6 26. Rh4 Kg7 27. f6+ Kg6 28. Re1 Bf4 29. Bc2 Rh8 30. Rg4+ Kf5 31. Kg2 Rdg8 32. f3 Nd5 33. Rxg8 Rxg8+ 34. Kf2 Nxf6 35. Nc5+ Kg5 36. Rg1+ Kh4 37. Rxg8 Nxg8 38. Nxb7 Ne7 39. Nd8 f6 40. Be4 Bc1 41. b3 Bb2 0-1